000 00345 a2200169 4500
001 189963
020 _a85-08-11355-2
040 _cMagnum
100 _aJunqueira, Sonia
240 1 0 _aA foca famosa
_lpor
245 1 0 _aA foca famosa
300 _a24
362 0 _a2007
440 1 _aÁtica
697 _aLITERATURA INFANTIL
942 _cBK
999 _c189963
_d189963